000 00327cam a2200133ua 4500
041 _aeng
_h
082 _a928.23
_bMUI/AU
100 _aMuir, Edwin .
245 _aAutobiography /
_cEdwin Muir.
_hTextual Documents
260 _aLondon :
_bThe Hograth Press ,
_c1964.
300 _a288 ; .
942 _cBK
999 _c6337
_d6337